Confucio, Laudse y Buda. Las doctrinas sapienciales de la antigüedad clásica en el lejano oriente
Salvato in:
| Autore principale: | |
|---|---|
| Natura: | Libro |
| Lingua: | spagnolo |
| Pubblicazione: |
Buenos Aires
Quadrata
2005
|
| Soggetti: | |
| Tags: |
Aggiungi Tag
Nessun Tag, puoi essere il primo ad aggiungerne!!
|
MARC
| LEADER | 00000nam a2200000 a 4500 | ||
|---|---|---|---|
| 001 | UCI3700 | ||
| 003 | CL-VaPUC | ||
| 008 | 071123e20050000AG |||||||||||||||||spa|d | ||
| 082 | 0 | 4 | |a 181 |b ZUB |2 21 |
| 100 | 0 | |a Zubiria, Martín |e author |9 525216 | |
| 245 | 1 | 0 | |a Confucio, Laudse y Buda. Las doctrinas sapienciales de la antigüedad clásica en el lejano oriente |
| 300 | |a 122 p | ||
| 942 | |c BK | ||
| 945 | |d 20071123 00:00:00 |a rbrito | ||
| 260 | |a Buenos Aires |b Quadrata |c 2005 | ||
| 600 | 0 | 7 | |a CONFUCIO |2 CL-VaPUC |9 265849 |
| 600 | 0 | 7 | |a BUDA |2 CL-VaPUC |9 393688 |
| 650 | 0 | |a Filosofía oriental |9 319113 | |
| 650 | 7 | |a BUDISMO |2 CL-VaPUC |9 525217 | |
| 583 | |a last modification |c 20071123 00:00:00 |k Rodrigo Vera | ||
| 999 | |c 327832 |d 327830 | ||
| 952 | |0 0 |1 0 |4 0 |6 181_000000000000000_ZUB_2005 |7 0 |8 A |9 411300 |a BIBEDU |b BIBEDU |d 2019-11-22 |i 4391837 |l 5 |m 1 |o 181 ZUB 2005 |p 4391837 |r 2022-05-24 |s 2022-05-24 |w 2019-11-22 |y BK |k EPE | ||